|
|
|
|
| LEADER |
00000nab a2200000 a 4500 |
| 001 |
vtls000582726 |
| 003 |
SK-MaSNL |
| 005 |
20260304194622.0 |
| 008 |
250425c1996 xo 0 slo |
| 015 |
|
|
|a SNBRB19rr/mm-uuuuu
|
| 035 |
|
|
|a CL0582865
|
| 035 |
|
|
|a urn:nbn:sk:snk-ab20x0
|
| 035 |
|
|
|a (urnnbn)urn:nbn:sk:snk:ar-a01du9
|
| 035 |
|
|
|a (uuid)d101e653-5d2e-4f35-8e1d-3335de3c4bb3
|
| 040 |
|
|
|a SNKBUCL
|b slo
|c SNKBUCL
|e AACR2
|
| 041 |
0 |
|
|a slo
|
| 044 |
|
|
|a xo
|c SK
|
| 080 |
|
|
|a 792.5
|2 1981
|
| 100 |
1 |
|
|a Ursínyová, Terézia,
|d 1942-
|4 aut
|9 103725
|
| 245 |
1 |
0 |
|a Boitov Mefistofeles konečne v opere SND
|c Terézia Ursínyová
|
| 300 |
|
|
|b Fotogr. 1
|
| 500 |
|
|
|a Preklad libreta J. Krčméry-Vrteľová. Réžia M. Fischer
|
| 600 |
1 |
7 |
|a Boito, Arrigo,
|d 1842-1918
|2 snkbucl
|9 73502
|
| 610 |
2 |
7 |
|a Slovenské národné divadlo
|2 snkbucl
|9 32458
|
| 655 |
|
7 |
|a články z novín a časopisov
|2 snkbucl
|9 267496
|
| 700 |
1 |
|
|a Krčméry-Vrteľová, Jela,
|d 1924-2021
|4 aut
|9 107910
|
| 700 |
1 |
|
|a Fischer, Miroslav,
|d 1932-2013
|4 aut
|9 167354
|
| 773 |
0 |
|
|t Hudobný život '96
|g Roč. 28, č. 7 (1996), s. 6
|
| 850 |
|
|
|a Slovenská národná knižnica
|
| 852 |
|
|
|a Slovenská národná knižnica
|
| 954 |
|
|
|a odborná, vedecká literatúra pôvodná (slovenská)
|2 lita
|
| 958 |
|
|
|a article27
|
| 958 |
|
|
|a OND
|
| 958 |
|
|
|a RK
|
| 958 |
|
|
|a EUIPO
|
| 992 |
|
|
|a RBX
|
| 999 |
|
|
|c 3075548
|d 3077478
|